| 000 | 01756cam a22003615a 4500 | ||
|---|---|---|---|
| 001 | 12841278 | ||
| 005 | 20080313133728.0 | ||
| 008 | 020702s2002 nju b 001 0 eng | ||
| 010 | _a 2002281070 | ||
| 020 | _a0130460192 | ||
| 020 | _a9780130460196 | ||
| 040 |
_aDLC _cDLC _dDLC |
||
| 050 | 0 | 0 |
_aQA76.9.A25 _bK39 2002 |
| 082 | 0 | 0 |
_a005.8 _222 _bKAU |
| 100 | 1 |
_aKaufman, Charlie. _922548 |
|
| 245 | 1 | 0 |
_aNetwork Security : _bPrivate Communication in a Public World / _cCharlie Kaufman, Radia Perlman, Mike Speciner. |
| 250 | _a2nd ed. | ||
| 260 |
_aUpper Saddle River, NJ : _bPrentice Hall PTR, 2002 _cc2002. |
||
| 300 |
_axxvi, 713 p. : _bill. ; _c25 cm. |
||
| 490 |
_922555 _aPrentice Hall Series in Computer Networking and Distributed Systems |
||
| 504 | _aIncludes bibliographical references (p. 675-684) and indexes. | ||
| 650 | 0 |
_aComputer security. _922549 |
|
| 650 | 0 |
_aComputers _xAccess control. _922550 |
|
| 650 | 0 |
_aElectronic data processing departments _xSecurity measures. _922551 |
|
| 650 | 0 |
_aComputer networks _xSecurity measures. _922552 |
|
| 700 | 1 |
_aPerlman, Radia. _922553 |
|
| 700 | 1 |
_aSpeciner, Michael. _922554 |
|
| 942 |
_2ddc _cNB |
||
| 999 |
_c15004 _d15004 |
||